Innovations in pre-service education and training for english language teachers (Record no. 1399782)

MARC details
000 -LEADER
fixed length control field 00623nam a2200205Ia 4500
005 - DATE AND TIME OF LATEST TRANSACTION
control field 20250508170214.0
008 - FIXED-LENGTH DATA ELEMENTS--GENERAL INFORMATION
fixed length control field 008 250505s9999 xx 000 0 eng d
037 ## - SOURCE OF ACQUISITION
Stock number TextBook
040 ## - CATALOGING SOURCE
Original cataloging agency FEDL
Language of cataloging eng
Transcribing agency FEDL
041 ## - LANGUAGE CODE
Language code of text/sound track or separate title eng
Source of code eng
084 ## - COLON CLASSIFICATION NUMBER
Classification number 420.7, EDG/R
Assigning agency FEDL
100 ## - MAIN ENTRY--PERSONAL NAME
Personal name Edge Julian Ed.
245 #0 - TITLE STATEMENT
Title Innovations in pre-service education and training for english language teachers
260 ## - PUBLICATION, DISTRIBUTION, ETC.
Place of publication, distribution, etc. London, UK
Name of publisher, distributor, etc. British Council
Date of publication, distribution, etc. 2013
300 ## - PHYSICAL DESCRIPTION
Extent 243p.
546 ## - LANGUAGE NOTE
Language note Gifted by Prof.Salaja Chennat
700 ## - ADDED ENTRY--PERSONAL NAME
Personal name Mann Steve Ed.
9 (RLIN) 783450
942 ## - ADDED ENTRY ELEMENTS (KOHA)
Koha item type Textbook
Classification part 420.7, EDG/R
Holdings
Withdrawn status Lost status Damaged status Not for loan Home library Current library Date acquired Total Checkouts Full call number Barcode Date last seen Price effective from Koha item type
        Department of Education Library Department of Education Library 2025-05-08   420.7, EDG/R EL0093783 2025-05-08 2025-05-08 Textbook
Copyright @ Delhi University Library System